[Event "Bodenmais Arber Seniors op 10th"]
[Site "Bodenmais"]
[Date "2023.08.08"]
[Round "4"]
[White "Botvinnik, Alexey"]
[Black "Puehn, Georg"]
[Result "0-1"]
[WhiteElo "1806"]
[BlackElo "2007"]
[PlyCount "108"]
[EventDate "2023.08.05"]
[EventType "swiss"]
[EventRounds "9"]
[EventCountry "GER"]
[SourceTitle "EXT 2024"]
[Source "ChessBase"]
[SourceDate "2023.10.10"]
[SourceVersion "1"]
[SourceVersionDate "2023.10.10"]
[SourceQuality "1"]

1. d4 d5 2. c4 e6 3. Nf3 Nf6 4. e3 Be7 5. Nc3 0-0 6. Be2 a6 7. cxd5 exd5 8. 0-0 b6 9. b3 Bb7 10. Bb2 Nbd7 11. Rc1 Re8 12. Bd3 Bd6 13. Nd2 c5 14. Qf3 cxd4 15. exd4 Nf8 16. Qh3 Bc8 17. Bf5 Bxf5 18. Qxf5 Ne6 19. Nf3 g6 20. Qb1 b5 21. Rcd1 Qc7 22. g3 Rac8 23. Ne5 b4 24. Ne2 Qc2 25. Rfe1 Ng5 26. Qxc2 Rxc2 27. Bc1 Nge4 28. f3 Rxe2 29. Rxe2 Nc3 30. Rde1 Nxe2+ 31. Rxe2 Nd7 32. Kf1 Bxe5 33. f4 Rc8 34. Bb2 Bg7 35. a3 bxa3 36. Bxa3 Bf8 37. Be7 Bxe7 38. Rxe7 Rd8 39. Re2 Nf6 40. Re7 Rd7 41. Re2 Ne4 42. Ra2 Rd6 43. Kg2 Rb6 44. Ra5 Rd6 45. b4 Nc3 46. Kf3 Rb6 47. Ke3 Nb5 48. f5 f6 49. g4 Kf7 50. Kd3 Ke7 51. Ra1 Kd7 52. Rb1 Nd6 53. fxg6 hxg6 54. Rf1 Ne4 0-1

[Event "Bodenmais Arber Seniors op 10th"]
[Site "Bodenmais"]
[Date "2023.08.05"]
[Round "1"]
[White "Botvinnik, Alexey"]
[Black "Rabus, Berthold"]
[Result "0-1"]
[WhiteElo "1806"]
[BlackElo "2131"]
[PlyCount "90"]
[EventDate "2023.08.05"]
[EventType "swiss"]
[EventRounds "9"]
[EventCountry "GER"]
[SourceTitle "EXT 2024"]
[Source "ChessBase"]
[SourceDate "2023.10.10"]
[SourceVersion "1"]
[SourceVersionDate "2023.10.10"]
[SourceQuality "1"]

1. d4 d5 2. c4 c6 3. Nf3 Nf6 4. e3 e6 5. Be2 Nbd7 6. 0-0 Bd6 7. Nc3 0-0 8. a3 dxc4 9. Bxc4 e5 10. Qc2 Qe7 11. Bd3 Re8 12. Ng5 h6 13. Nge4 Bc7 14. Bd2 Nxe4 15. Nxe4 Qh4 16. g3 Qh3 17. Rfe1 Nb6 18. Nc3 Bg4 19. Bf1 Qh5 20. Be2 exd4 21. Bxg4 Qxg4 22. exd4 Qxd4 23. Be3 Qc4 24. b3 Qg4 25. Rad1 Rad8 26. Rxd8 Bxd8 27. Qd2 Qe6 28. Qd1 Bf6 29. Bd2 Qd7 30. Rxe8+ Qxe8 31. Qf3 Qe6 32. Ne4 Be7 33. a4 Nd5 34. Nc3 Nxc3 35. Qxc3 Qe4 36. b4 Bf6 37. Qb3 Bd4 38. Qd1 b6 39. Bf4 a6 40. a5 bxa5 41. bxa5 c5 42. Bc7 Bc3 43. Qd8+ Kh7 44. Qf8 Qb1+ 45. Kg2 Qb7+ 0-1

[Event "Muenster op-A 39th"]
[Site "Muenster"]
[Date "2022.10.02"]
[Round "1"]
[White "Botvinnik, Alexey"]
[Black "Pfreundt, Jakob"]
[Result "0-1"]
[WhiteElo "1813"]
[BlackElo "2394"]
[PlyCount "52"]
[EventDate "2022.10.01"]
[EventType "swiss"]
[EventRounds "9"]
[EventCountry "GER"]
[SourceTitle "EXT 2023"]
[Source "ChessBase"]
[SourceDate "2022.10.05"]
[SourceVersion "1"]
[SourceVersionDate "2022.10.05"]
[SourceQuality "1"]

1. e4 Nc6 2. Nf3 d6 3. d4 Nf6 4. Nc3 g6 5. Bb5 a6 6. Bxc6+ bxc6 7. 0-0 Bg7 8. h3 0-0 9. e5 Nd5 10. exd6 cxd6 11. Nxd5 cxd5 12. Re1 f6 13. Be3 e5 14. Qd2 g5 15. Nh2 h6 16. f3 Be6 17. g4 Qd7 18. Rad1 Rac8 19. Qd3 f5 20. b3 e4 21. Qe2 exf3 22. Nxf3 fxg4 23. Nxg5 hxg5 24. Bxg5 Bf5 25. Qxa6 Be4 26. c4 gxh3 0-1

[Event "Rottach Egern Seniors Cup 9th"]
[Site "Rottach Egern"]
[Date "2021.10.24"]
[Round "3"]
[White "Botvinnik, Alexey"]
[Black "Jovi, Klaus"]
[Result "1-0"]
[WhiteElo "1806"]
[BlackElo "1485"]
[PlyCount "83"]
[EventDate "2021.10.22"]
[EventType "swiss"]
[EventRounds "7"]
[EventCountry "GER"]
[SourceTitle "CBM 204 Extra"]
[Source "ChessBase"]
[SourceDate "2021.11.30"]
[SourceVersion "1"]
[SourceVersionDate "2021.11.30"]
[SourceQuality "1"]

1. Nf3 Nf6 2. g3 d5 3. d4 c6 4. Bg2 h6 5. 0-0 Bf5 6. Nbd2 e6 7. Re1 Be7 8. Nh4 Bh7 9. Nhf3 0-0 10. c4 dxc4 11. Nxc4 Nbd7 12. Qb3 Qc7 13. Bf4 Qc8 14. Nd6 Bxd6 15. Bxd6 Re8 16. Nd2 Nb6 17. Rac1 Qd7 18. Bc5 Qc7 19. Bxb6 Qxb6 20. Qxb6 axb6 21. a3 Red8 22. Nb3 Kf8 23. e3 g5 24. Red1 h5 25. Nd2 g4 26. Nc4 b5 27. Ne5 Rac8 28. Rc5 Rd6 29. Nd3 b6 30. Rg5 Bxd3 31. Rxd3 c5 32. Rc3 c4 33. Rxb5 Ke7 34. b3 Nd5 35. Rxc4 Rxc4 36. bxc4 Nc3 37. Rb3 Ne2+ 38. Kf1 Nc1 39. Rc3 Na2 40. Rc2 b5 41. cxb5 Rb6 42. Bc6 1-0

[Event "Bad Wiessee Senioren Cup 8th"]
[Site "Bad Wiessee"]
[Date "2019.05.17"]
[Round "7"]
[White "Taube, Hubertus"]
[Black "Botvinnik, Alexey"]
[Result "1/2-1/2"]
[WhiteElo "2045"]
[BlackElo "1830"]
[PlyCount "78"]
[EventDate "2019.05.11"]
[EventType "swiss"]
[EventRounds "9"]
[EventCountry "GER"]
[SourceTitle "EXT 2020"]
[Source "ChessBase"]
[SourceDate "2019.10.17"]
[SourceVersion "1"]
[SourceVersionDate "2019.10.17"]
[SourceQuality "1"]

1. d4 d5 2. c4 dxc4 3. Nf3 Nf6 4. e3 a6 5. a4 e6 6. Bxc4 Bb4+ 7. Bd2 Bxd2+ 8. Nbxd2 Nc6 9. 0-0 0-0 10. Rc1 Qe7 11. Qc2 Bd7 12. Rfd1 Nb4 13. Qb3 Bc6 14. Ne5 Bd5 15. f3 c6 16. a5 Bxc4 17. Ndxc4 Nbd5 18. Nd3 Rab8 19. e4 Nc7 20. Qb4 Qxb4 21. Nxb4 Nb5 22. Kf2 Rfd8 23. Ke3 Kf8 24. Nb6 Nd7 25. Na4 g6 26. g4 Kg7 27. h4 h6 28. Nc5 Nxc5 29. Rxc5 Rd7 30. Rd3 Rbd8 31. d5 exd5 32. exd5 Re7+ 33. Kf4 cxd5 34. Rcxd5 Rc8 35. b3 Nc3 36. Re5 Ne2+ 37. Ke4 Nc3+ 38. Kd4 Ne2+ 39. Ke4 Nc3+ 1/2-1/2

[Event "Bad Wiessee Senioren Cup 8th"]
[Site "Bad Wiessee"]
[Date "2019.05.15"]
[Round "5"]
[White "Botvinnik, Alexey"]
[Black "Bardin, Christian"]
[Result "1-0"]
[WhiteElo "1830"]
[BlackElo "1583"]
[PlyCount "53"]
[EventDate "2019.05.11"]
[EventType "swiss"]
[EventRounds "9"]
[EventCountry "GER"]
[SourceTitle "EXT 2020"]
[Source "ChessBase"]
[SourceDate "2019.10.17"]
[SourceVersion "1"]
[SourceVersionDate "2019.10.17"]
[SourceQuality "1"]

1. e4 e5 2. Nf3 Nc6 3. Bb5 a6 4. Ba4 Nf6 5. 0-0 Be7 6. d3 b5 7. Bb3 0-0 8. c3 d6 9. h3 h6 10. Re1 Bd7 11. Nbd2 a5 12. a4 b4 13. d4 Rb8 14. Nc4 Ra8 15. dxe5 dxe5 16. Ncxe5 Nxe5 17. Nxe5 Bd6 18. Nxf7 Rxf7 19. e5 Bc5 20. Bxf7+ Kxf7 21. exf6 gxf6 22. Qd5+ Kg7 23. Qxc5 Kh8 24. Bxh6 Qg8 25. Re7 Bxh3 26. Bg7+ Qxg7 27. Rxg7 1-0

[Event "Bodensee op Seniors 4th"]
[Site "Bregenz"]
[Date "2018.05.07"]
[Round "2"]
[White "Hanisch, Friedrich"]
[Black "Botvinnik, Alexey"]
[Result "1-0"]
[WhiteElo "2097"]
[BlackElo "1831"]
[PlyCount "47"]
[EventDate "2018.05.06"]
[EventType "swiss"]
[EventRounds "7"]
[EventCountry "AUT"]
[SourceTitle "CBM 184 Extra"]
[Source "ChessBase"]
[SourceDate "2018.06.28"]
[SourceVersion "1"]
[SourceVersionDate "2018.06.28"]
[SourceQuality "1"]

1. Nf3 Nf6 2. c4 d5 3. cxd5 Nxd5 4. e4 Nb6 5. d4 e6 6. Be3 Bb4+ 7. Nc3 0-0 8. a3 Bxc3+ 9. bxc3 Nc6 10. Bd3 Ne7 11. 0-0 Nd7 12. Qc2 c5 13. e5 g6 14. Bg5 Re8 15. Be4 Qc7 16. Qd2 Qa5 17. Bf6 Nd5 18. Bxd5 Nxf6 19. exf6 Qd8 20. Be4 Qxf6 21. dxc5 Rd8 22. Qe3 Rb8 23. Rab1 Bd7 24. Bxb7 1-0

[Event "Bodensee op Seniors 4th"]
[Site "Bregenz"]
[Date "2018.05.06"]
[Round "1"]
[White "Botvinnik, Alexey"]
[Black "Lutz, Albert"]
[Result "1/2-1/2"]
[WhiteElo "1831"]
[BlackElo "2147"]
[PlyCount "120"]
[EventDate "2018.05.06"]
[EventType "swiss"]
[EventRounds "7"]
[EventCountry "AUT"]
[SourceTitle "CBM 184 Extra"]
[Source "ChessBase"]
[SourceDate "2018.06.28"]
[SourceVersion "1"]
[SourceVersionDate "2018.06.28"]
[SourceQuality "1"]

1. e4 e5 2. Nf3 Nf6 3. Nxe5 d6 4. Nf3 Nxe4 5. Qe2 Qe7 6. d3 Nf6 7. Qxe7+ Bxe7 8. Nc3 0-0 9. Be2 Re8 10. h3 c6 11. Bg5 h6 12. Bh4 Nbd7 13. 0-0-0 b5 14. Nd4 b4 15. Nb1 Bb7 16. Rhe1 c5 17. Bf3 Bxf3 18. Nxf3 Bf8 19. Bg3 a5 20. Rxe8 Rxe8 21. Re1 Rc8 22. Nbd2 d5 23. Ne5 a4 24. Nxd7 Nxd7 25. c4 bxc3 26. bxc3 c4 27. dxc4 dxc4 28. Re4 Nb6 29. f3 g6 30. Bf2 Nd5 31. Kc2 Bg7 32. Rxc4 Rxc4 33. Nxc4 Nxc3 34. Nb6 Nxa2 35. Nxa4 Nb4+ 36. Kd2 Nd5 37. Ke2 f5 38. Nc5 Nf4+ 39. Kf1 Kf7 40. h4 h5 41. Be3 Nd5 42. Bg5 Bd4 43. Nd3 Ke6 44. Nf4+ Nxf4 45. Bxf4 Bf6 46. Bg3 Kd5 47. Ke2 Bd4 48. Kd3 Bg1 49. Bf4 Bf2 50. Bg5 Ke5 51. f4+ Kd5 52. Ke2 Bb6 53. Kf3 Kd4 54. Be7 Kd3 55. Bb4 Bd8 56. Be1 Bf6 57. g3 Bd4 58. Bb4 Be3 59. Ba5 Bd2 60. Bb6 Be1 1/2-1/2

[Event "Schleswig Holstein-ch Seniors op 11th"]
[Site "Buesum"]
[Date "2017.09.15"]
[Round "8"]
[White "Botvinnik, Alexey"]
[Black "Schroeder, Harm"]
[Result "1/2-1/2"]
[WhiteElo "1836"]
[BlackElo "1696"]
[PlyCount "142"]
[EventDate "2017.09.08"]
[EventType "swiss"]
[EventRounds "9"]
[EventCountry "GER"]
[SourceTitle "EXT 2019"]
[Source "ChessBase"]
[SourceDate "2018.10.10"]
[SourceVersion "1"]
[SourceVersionDate "2018.10.10"]
[SourceQuality "1"]

1. e4 e5 2. Nf3 Nc6 3. Bc4 Bc5 4. d3 Nf6 5. c3 d6 6. h3 h6 7. 0-0 0-0 8. Re1 a6 9. a4 a5 10. Nbd2 Re8 11. Qb3 Qe7 12. Nf1 Bb6 13. Be3 Bxe3 14. Nxe3 Nd8 15. Qc2 Be6 16. Ba2 Bxa2 17. Rxa2 g6 18. Qd2 Kg7 19. Nh2 c6 20. Neg4 Nxg4 21. Nxg4 Rh8 22. d4 h5 23. Nh2 Ne6 24. Nf3 f6 25. Ra3 Nf4 26. Kh2 g5 27. g3 Ng6 28. Ng1 h4 29. g4 Nf4 30. Ne2 Nxe2 31. Rxe2 Rhd8 32. Re3 c5 33. d5 Qc7 34. c4 b6 35. Rab3 Ra7 36. Rf3 Rb8 37. Rf5 Qe7 38. Rbf3 Rf8 39. Qc2 Rb7 40. Qb3 Qd7 41. Qe3 Qe7 42. Qd2 Rf7 43. Qc1 Kg6 44. Rb3 Qd7 45. Rb5 Qe7 46. Qd1 Qd8 47. Rf3 Rb8 48. Rfb3 Rfb7 49. Qf3 Qc7 50. Kg2 Qc8 51. Re3 Kg7 52. Qf5 Qe8 53. Reb3 Qe7 54. Kf3 Qf7 55. Ke3 Qd7 56. Rd3 Rd8 57. Rd1 Re8 58. Rb3 Rd8 59. Rbd3 Qf7 60. Rb3 Re8 61. Ke2 Qe7 62. Rdd3 Qf7 63. Rb5 Qe7 64. Rdb3 Reb8 65. Rd3 Re8 66. Kd2 Reb8 67. Qf3 Re8 68. Qd1 Reb8 69. Qb3 Qe8 70. Rf3 Qe7 71. Rf5 Qe8 1/2-1/2

[Event "Schleswig Holstein-ch Seniors op 11th"]
[Site "Buesum"]
[Date "2017.09.12"]
[Round "5"]
[White "Mentink, Toon"]
[Black "Botvinnik, Alexey"]
[Result "1/2-1/2"]
[WhiteElo "1946"]
[BlackElo "1836"]
[PlyCount "110"]
[EventDate "2017.09.08"]
[EventType "swiss"]
[EventRounds "9"]
[EventCountry "GER"]
[SourceTitle "EXT 2019"]
[Source "ChessBase"]
[SourceDate "2018.10.10"]
[SourceVersion "1"]
[SourceVersionDate "2018.10.10"]
[SourceQuality "1"]

1. e4 e5 2. Bc4 Nc6 3. d3 Nf6 4. Nf3 Bc5 5. c3 d6 6. 0-0 0-0 7. d4 Bb6 8. Bg5 h6 9. Bxf6 Qxf6 10. d5 Ne7 11. Be2 Bg4 12. Nbd2 Ng6 13. Nc4 Nf4 14. Nxb6 Nxe2+ 15. Qxe2 axb6 16. Kh1 Bxf3 17. gxf3 Qh4 18. Rg1 f5 19. Rg2 f4 20. a3 Kh7 21. Rag1 g5 22. h3 Rg8 23. Rh2 Qh5 24. Rg4 Qf7 25. h4 gxh4 26. Rgxh4 Rg6 27. Rg4 Rag8 28. Rxg6 Rxg6 29. Qf1 Qd7 30. Rh4 Qa4 31. Qc1 Qc4 32. Qd1 Qb5 33. Rg4 Qxb2 34. Rxg6 Kxg6 35. Qg1+ Kh7 36. Qg4 Qxc3 37. Qd7+ Kg6 38. Kg2 Qc1 39. a4 Qc2 40. Qe6+ Kg7 41. Qe7+ Kg6 42. Qe8+ Kg7 43. Qc8 Qc5 44. Qxb7 Qc3 45. Qc8 Qc5 46. Qe6 Qc2 47. Qe8 Qc5 48. Qe7+ Kg6 49. Qf8 Kh7 50. Qf7+ Kh8 51. Qg6 h5 52. Qxh5+ Kg8 53. Qe8+ Kg7 54. Qe6 Kf8 55. Qd7 Qc2 1/2-1/2

[Event "Schleswig Holstein-ch Seniors op 11th"]
[Site "Buesum"]
[Date "2017.09.11"]
[Round "4"]
[White "Schuett, Guenter"]
[Black "Botvinnik, Alexey"]
[Result "0-1"]
[WhiteElo "1573"]
[BlackElo "1836"]
[PlyCount "102"]
[EventDate "2017.09.08"]
[EventType "swiss"]
[EventRounds "9"]
[EventCountry "GER"]
[SourceTitle "EXT 2019"]
[Source "ChessBase"]
[SourceDate "2018.10.10"]
[SourceVersion "1"]
[SourceVersionDate "2018.10.10"]
[SourceQuality "1"]

1. c4 e5 2. Nc3 Nc6 3. Nf3 Nf6 4. d4 exd4 5. Nxd4 Bb4 6. Nxc6 Bxc3+ 7. bxc3 dxc6 8. Qxd8+ Kxd8 9. f3 c5 10. e4 h6 11. Bf4 Nh5 12. Rd1+ Bd7 13. Be3 b6 14. g4 Nf6 15. h4 Kc8 16. e5 Nh7 17. Bd3 Bc6 18. Kf2 Kb7 19. Rhg1 Rae8 20. f4 g5 21. hxg5 hxg5 22. Bf5 gxf4 23. Bxf4 Nf8 24. Kg3 Ne6 25. Be3 Rhg8 26. Rd2 Ng5 27. Bxg5 Rxg5 28. Kf4 Rgg8 29. Bd7 Re7 30. Bxc6+ Kxc6 31. Rh1 Rg6 32. Rh7 Rge6 33. Rd5 Kb7 34. Kf5 c6 35. Rxf7 cxd5 36. Rxe7+ Rxe7 37. cxd5 Rg7 38. d6 Kc6 39. g5 Kd7 40. Kf6 Rg8 41. g6 Rf8+ 42. Kg7 Rf3 43. Kg8 Rf5 44. g7 Rxe5 45. Kf7 Rf5+ 46. Kg6 Rf1 47. g8Q Rg1+ 48. Kf7 Rxg8 49. Kxg8 b5 50. Kf7 b4 51. cxb4 c4 0-1

[Event "Arco op 37th"]
[Site "Arco"]
[Date "2015.10.12"]
[Round "3"]
[White "Botvinnik, Alexey"]
[Black "Zucchelli, Massimo"]
[Result "0-1"]
[WhiteElo "1905"]
[BlackElo "2158"]
[PlyCount "86"]
[EventDate "2015.10.10"]
[EventType "swiss"]
[EventRounds "9"]
[EventCountry "ITA"]
[SourceTitle "CBM 168 Extra"]
[Source "ChessBase"]
[SourceDate "2015.10.29"]
[SourceVersion "1"]
[SourceVersionDate "2015.10.29"]
[SourceQuality "1"]

1. e4 e6 2. d4 d5 3. Nc3 Nf6 4. Bg5 Bb4 5. e5 h6 6. Bd2 Bxc3 7. bxc3 Ne4 8. Bd3 Nxd2 9. Qxd2 c5 10. Bb5+ Bd7 11. Bxd7+ Nxd7 12. Nf3 Rc8 13. 0-0 Qa5 14. Rfd1 0-0 15. c4 Qxd2 16. Rxd2 dxc4 17. d5 exd5 18. Rxd5 Nb6 19. Rd6 Rfd8 20. Rad1 Rxd6 21. Rxd6 Kf8 22. Nh4 Re8 23. f4 g6 24. g3 Re7 25. Kf2 Rd7 26. Rxd7 Nxd7 27. Nf3 b5 28. Ke3 Nb6 29. Ke4 a5 30. Nd2 Ke7 31. g4 b4 32. f5 gxf5+ 33. gxf5 a4 34. Nb1 a3 35. h4 b3 36. cxb3 cxb3 37. Nxa3 bxa2 38. Nc2 f6 39. e6 Kd6 40. Kd3 Nc8 41. Ke4 h5 42. Na1 Ne7 43. Nc2 Kc6 0-1

[Event "Arco op 37th"]
[Site "Arco"]
[Date "2015.10.10"]
[Round "1"]
[White "Botvinnik, Alexey"]
[Black "Drasko, Milan"]
[Result "0-1"]
[WhiteElo "1905"]
[BlackElo "2446"]
[PlyCount "70"]
[EventDate "2015.10.10"]
[EventType "swiss"]
[EventRounds "9"]
[EventCountry "ITA"]
[SourceTitle "CBM 168 Extra"]
[Source "ChessBase"]
[SourceDate "2015.10.29"]
[SourceVersion "1"]
[SourceVersionDate "2015.10.29"]
[SourceQuality "1"]

1. e4 e6 2. d4 d5 3. Nd2 Nc6 4. c3 e5 5. exd5 Qxd5 6. Qf3 Qxf3 7. Ngxf3 exd4 8. Nxd4 Nxd4 9. cxd4 Be6 10. Bc4 Bxc4 11. Nxc4 Bb4+ 12. Bd2 Bxd2+ 13. Nxd2 0-0-0 14. Nf3 Nh6 15. 0-0 Nf5 16. Rfd1 Rd5 17. g4 Ne7 18. Rac1 h5 19. h3 Ng6 20. Rc5 Rxc5 21. dxc5 Nf4 22. g5 Nxh3+ 23. Kf1 Rd8 24. Rxd8+ Kxd8 25. Ke2 Kd7 26. Ne5+ Ke6 27. c6 b6 28. Nd7 Nxg5 29. f4 Ne4 30. Ke3 Nf6 31. Ne5 Nd5+ 32. Ke4 f5+ 33. Kf3 Nxf4 34. Kxf4 g5+ 35. Kxg5 Kxe5 0-1

[Event "Mittelrhein Verbandsliga-M 1112"]
[Site "Germany"]
[Date "2012.02.05"]
[Round "6.6"]
[White "Botvinnik, Alexey"]
[Black "Bertram, Thomas Sebastian"]
[Result "1/2-1/2"]
[WhiteElo "1784"]
[BlackElo "1541"]
[PlyCount "96"]
[EventDate "2011.09.18"]
[EventType "team-tourn"]
[EventRounds "11"]
[EventCountry "GER"]
[SourceTitle "EXT 2013"]
[Source "ChessBase"]
[SourceDate "2012.11.22"]
[SourceVersion "1"]
[SourceVersionDate "2012.11.22"]
[SourceQuality "1"]
[WhiteTeam "Koeln Muelheim II"]
[BlackTeam "Rheinbacher SF II"]
[WhiteTeamCountry "GER"]
[BlackTeamCountry "GER"]

1. e4 c6 2. d4 d5 3. Nc3 dxe4 4. Nxe4 Bf5 5. Ng3 Bg6 6. Nf3 Nd7 7. Bc4 e6 8. 0-0 Ngf6 9. Nh4 Qc7 10. Nxg6 hxg6 11. h3 Bd6 12. Qf3 0-0-0 13. Bg5 Rde8 14. Rfe1 Qa5 15. Bxf6 Nxf6 16. Ne4 Nxe4 17. Rxe4 Qf5 18. Qe3 Kb8 19. Bd3 Qf6 20. Be2 g5 21. Qb3 Qe7 22. Bc4 Rh4 23. Rae1 Qd7 24. a4 Qc7 25. Rxh4 gxh4 26. Re4 g5 27. Qd3 Qa5 28. b3 Qf5 29. Qe2 Rd8 30. Bd3 Qf6 31. c3 Bf4 32. Kf1 Qg7 33. Bc4 c5 34. Qd3 cxd4 35. Rxd4 Rxd4 36. Qxd4 Qxd4 37. cxd4 Kc7 38. Ke2 Bc1 39. Kd3 Kd6 40. Kc2 Bf4 41. Be2 b6 42. Kd3 Bc1 43. Bf3 Bb2 44. Ba8 Ba3 45. Kc4 Bb2 46. Bf3 Ba3 47. Bh5 f6 48. Bf3 Bb2 1/2-1/2

[Event "Mittelrhein Verbandsliga-M 1112"]
[Site "Germany"]
[Date "2011.09.18"]
[Round "1.6"]
[White "Botvinnik, Alexey"]
[Black "Tbaila, Ralph"]
[Result "0-1"]
[WhiteElo "1784"]
[BlackElo "1858"]
[PlyCount "82"]
[EventDate "2011.09.18"]
[EventType "team-tourn"]
[EventRounds "11"]
[EventCountry "GER"]
[SourceTitle "EXT 2013"]
[Source "ChessBase"]
[SourceDate "2012.11.22"]
[SourceVersion "1"]
[SourceVersionDate "2012.11.22"]
[SourceQuality "1"]
[WhiteTeam "Koeln Muelheim II"]
[BlackTeam "Kalker/Deutzer SG"]
[WhiteTeamCountry "GER"]
[BlackTeamCountry "GER"]

1. e4 e5 2. Nf3 Nc6 3. Bb5 a6 4. Ba4 b5 5. Bb3 d6 6. c3 Na5 7. Bc2 c5 8. d4 exd4 9. cxd4 Be7 10. dxc5 dxc5 11. Qxd8+ Bxd8 12. Be3 Be7 13. Nbd2 Nf6 14. 0-0 0-0 15. Bf4 Nc6 16. e5 Nd5 17. Bg3 Re8 18. Be4 Be6 19. Rfd1 Rad8 20. Nf1 f6 21. exf6 Bxf6 22. Rd2 Bf7 23. Re1 Nd4 24. Nxd4 Bxd4 25. Rde2 Nf6 26. Bh4 h6 27. Bxf6 Bxf6 28. h3 Kf8 29. Bb7 Rxe2 30. Rxe2 Rd1 31. Rd2 Ra1 32. b3 c4 33. Be4 c3 34. Rc2 a5 35. g4 a4 36. bxa4 Bc4 37. axb5 Rxf1+ 38. Kg2 Bxb5 39. a4 Ba6 40. f3 Rd1 41. Kg3 g5 0-1